|
|
|
|
| LEADER |
02703nam a2200661 a 4500 |
| 001 |
nkc20122389856 |
| 003 |
CZ PrNK |
| 005 |
20150316103316.0 |
| 007 |
ta |
| 008 |
120807s2012 xr abcfe 000 0acze |
| 015 |
|
|
|a cnb002389856
|
| 020 |
|
|
|a 978-80-264-0108-7
|q (váz.)
|
| 035 |
|
|
|a (OCoLC)823820735
|
| 040 |
|
|
|a OLA001
|b cze
|
| 041 |
1 |
|
|a cze
|h eng
|
| 043 |
|
|
|a n-us---
|
| 045 |
|
|
|a x7y1
|
| 072 |
|
7 |
|a 355/359
|x Vojenství. Obrana země. Ozbrojené síly
|2 Konspekt
|9 15
|
| 072 |
|
7 |
|a 929
|x Biografie
|2 Konspekt
|9 8
|
| 080 |
|
|
|a 356.164
|2 MRF
|
| 080 |
|
|
|a 355.081/.085
|2 MRF
|
| 080 |
|
|
|a 929
|2 MRF
|
| 080 |
|
|
|a 359
|2 MRF
|
| 080 |
|
|
|a 355.318
|2 MRF
|
| 080 |
|
|
|a 94(567)"2003/2011"
|2 MRF
|
| 080 |
|
|
|a (73)
|2 MRF
|
| 080 |
|
|
|a (092)
|2 MRF
|
| 100 |
1 |
|
|a Kyle, Chris,
|d 1974-2013
|7 hka2012730100
|4 aut
|
| 245 |
1 |
0 |
|a Americký sniper :
|b autobiografie nejúspěšnějšího odstřelovače amerických dějin /
|c Chris Kyle, Scott McEwen a Jim DeFelice ; [překlad Marek Pavka]
|
| 250 |
|
|
|a 1. vyd.
|
| 260 |
|
|
|a Brno :
|b CPress,
|c 2012
|
| 300 |
|
|
|a 398 s., [8] s. obr. příl. :
|b il., 1 mapa, portréty ;
|c 21 cm
|
| 500 |
|
|
|a Přeloženo z angličtiny
|
| 600 |
1 |
7 |
|a Kyle, Chris,
|d 1974-2013
|7 hka2012730100
|2 czenas
|
| 610 |
1 |
7 |
|a Spojené státy americké.
|b Navy.
|b SEALs
|7 kn20050506069
|2 czenas
|
| 648 |
|
4 |
|a 1974-2012
|
| 648 |
|
7 |
|a 20.-21. století
|7 ch462155
|2 czenas
|
| 650 |
0 |
7 |
|a odstřelovači
|7 ph229509
|z Spojené státy americké
|y 20.-21. století
|2 czenas
|
| 650 |
0 |
7 |
|a vojenští velitelé
|7 ph127214
|z Spojené státy americké
|y 20.-21. století
|2 czenas
|
| 650 |
0 |
7 |
|a vojenské námořnictvo
|7 ph127196
|z Spojené státy americké
|y 20.-21. století
|2 czenas
|
| 650 |
0 |
7 |
|a speciální jednotky (vojenství)
|7 ph125893
|z Spojené státy americké
|y 20.-21. století
|2 czenas
|
| 650 |
0 |
7 |
|a irácká válka (2003-2011)
|7 ph200819
|2 czenas
|
| 650 |
0 |
9 |
|a snipers
|z United States
|y 20th-21st centuries
|2 eczenas
|
| 650 |
0 |
9 |
|a military officers
|z United States
|y 20th-21st centuries
|2 eczenas
|
| 650 |
0 |
9 |
|a naval forces
|z United States
|y 20th-21st centuries
|2 eczenas
|
| 650 |
0 |
9 |
|a special forces (military science)
|z United States
|y 20th-21st centuries
|2 eczenas
|
| 650 |
0 |
9 |
|a Iraq War (2003-2011)
|2 eczenas
|
| 655 |
|
7 |
|a autobiografie
|7 fd131855
|2 czenas
|
| 655 |
|
9 |
|a autobiography
|2 eczenas
|
| 700 |
1 |
|
|a McEwen, Scott,
|d 1961-
|7 hka2012730106
|4 aut
|
| 700 |
1 |
|
|a DeFelice, Jim,
|d 1956-
|7 xx0011937
|4 aut
|
| 765 |
0 |
|
|t American sniper
|9 Česky
|
| 910 |
2 |
|
|a BOA001
|b 2-1296.099
|
| 928 |
9 |
|
|a Albatros Media - CPress
|
| 990 |
|
|
|a BK
|
| 995 |
|
|
|a 01
|
| 991 |
|
|
|b 201212
|c NOV
|e n
|
| 996 |
6 |
|
|b 2610530604
|c 2-1296.099
|l MZK
|r Sklad / do 1 hodiny
|n 8
|p p.v.
|w 001302658
|u 000010
|a 1
|e BOA001
|j MZK50
|s P
|